[Event "32nd ECC Open 2016"]
[Site "Novi Sad SRB"]
[Date "2016.11.09"]
[Round "4.20"]
[Board "6"]
[White "Rapaire, Jean-michel"]
[Black "Kivijarvi, Juha"]
[Result "0-1"]
[WhiteElo "1779"]
[BlackElo "2193"]
[WhiteTeam "Cercle d'Echecs Monte-Carlo"]
[BlackTeam "Salon Shakkikerho"]
[WhiteFideId "5400023"]
[BlackFideId "503258"]
[EventDate "2016.11.06"]

1. e4 e5 2. Nf3 Nc6 3. Bb5 f5 4. d3 fxe4 5. dxe4 Nf6 6. O-O Bc5 7. Nc3 d6 8. Bg5
O-O 9. Nd5 Kh8 10. Nxf6 gxf6 11. Bh4 Rg8 12. Bg3 Bg4 13. c3 Ne7 14. Be2 Be6 15.
Nh4 f5 16. Nxf5 Nxf5 17. exf5 Bxf5 18. Bc4 Rf8 19. Qh5 Qd7 20. Rad1 Qg7 21. Rd2
Bg4 22. Qh4 Rf6 23. h3 Bf5 24. Bh2 Rh6 25. Qg3 Rg6 26. Qh4 Rxg2+ 27. Kh1 Rg6 28.
Rg1 Rf8 29. Rxg6 Bxg6 30. Bd5 c6 31. Bg2 Qf6 32. Qxf6+ Rxf6 33. Bg3 Re6 34. b4
Bb6 35. Rxd6 Rxd6 36. Bxe5+ Kg8 37. Bxd6 Bxf2 38. b5 cxb5 39. Bxb7 a5 40. a3 Be1
41. Be5 Kf7 42. Bd5+ Ke7 43. Kg2 Bf7 44. Kf1 Bd2 45. Bxf7 Kxf7 46. Ke2 Bc1 47.
Bd6 Ke6 48. Bf8 Kd5 49. Kd3 h5 50. Kc2 Be3 51. Kb3 Bc5 52. Bg7 a4+ 53. Kb2 Kc4
54. Bf6 Kd3 55. Bg5 Bf8 56. Bf6 Bd6 57. Bd4 Be7 58. Be5 Ke4 59. Bg7 Kf3 60. c4
bxc4 61. Kc3 Bxa3 62. Kxc4 Be7 63. Kd3 Kg3 64. Ke3 Kxh3 65. Kf3 Ba3 66. Bh6 Bb2
67. Bf8 a3 68. Bxa3 Bxa3 69. Kf2 Bc5+ 70. Kf3 h4 0-1

[Event "32nd ECC Open 2016"]
[Site "Novi Sad SRB"]
[Date "2016.11.09"]
[Round "4.21"]
[Board "2"]
[White "Rusev, Rosen Yordanov"]
[Black "Shagbazyan, Taron"]
[Result "1/2-1/2"]
[WhiteTitle "FM"]
[BlackTitle "FM"]
[WhiteElo "2364"]
[BlackElo "2423"]
[WhiteTeam "Gambit Bonnevoie"]
[BlackTeam "LugPokerChess"]
[WhiteFideId "2904187"]
[BlackFideId "14122073"]
[EventDate "2016.11.06"]

1. d4 d5 2. c4 c6 3. cxd5 cxd5 4. Bf4 e6 5. Nc3 Bd6 6. Bg3 Nc6 7. e3 Nge7 8. Bd3
O-O 9. Nf3 f5 10. Bxd6 Qxd6 11. g3 Bd7 12. O-O Be8 13. Nd2 Kh8 14. Rc1 g5 15. f4
gxf4 16. gxf4 Ng8 17. Qe1 Qe7 18. Nf3 h6 19. Bb5 Nd8 20. Ne5 Bh5 21. Be2 Be8 22.
Bb5 Bh5 23. Be2 Be8 24. Kh1 Nc6 25. Rg1 Nxe5 26. fxe5 a6 27. a3 Rc8 28. Qf2 Rc7
29. Rg3 Qh7 30. Rcg1 Ne7 31. Bd3 Rg8 32. Rxg8+ Nxg8 33. Ne2 Rg7 34. Nf4 Rxg1+
35. Kxg1 Qe7 36. Qg3 Bf7 37. Qe1 Kg7 38. Be2 Be8 39. Kf1 Bf7 40. Qb4 Qxb4 41.
axb4 Ne7 42. Nd3 Nc6 43. Nc5 Nd8 44. b5 axb5 45. Bxb5 Kf8 46. Bd7 Ke7 47. Bc8 b6
48. Na4 Nc6 49. Ba6 Nb4 50. Be2 Nc2 51. Kf2 f4 52. exf4 Nxd4 53. Nxb6 Kd8 54.
Na4 Kc7 55. Bd3 Be8 56. Nc3 Nb3 57. Ne2 Kb6 58. Bc2 Nd2 59. Nd4 Bf7 60. b4 Nc4
61. Bd3 Nb2 62. Ke2 Na4 63. Kd2 Kc7 64. Be2 Nb6 65. Bg4 Kd7 66. b5 Na4 67. Kc2
Nc5 68. Kc3 Ne4+ 69. Kb4 Nf2 70. Be2 Nh3 71. f5 exf5 72. Nxf5 Nf4 73. Nxh6 Be6
74. Bg4 Nd3+ 75. Kc3 Nxe5 76. b6 d4+ 77. Kb4 1/2-1/2

[Event "32nd ECC Open 2016"]
[Site "Novi Sad SRB"]
[Date "2016.11.09"]
[Round "4.21"]
[Board "3"]
[White "Kostromin, Mikhail"]
[Black "Dishman, Stephen"]
[Result "1/2-1/2"]
[WhiteTitle "IM"]
[WhiteElo "2306"]
[BlackElo "2330"]
[WhiteTeam "LugPokerChess"]
[BlackTeam "Gambit Bonnevoie"]
[WhiteFideId "2807807"]
[BlackFideId "403024"]
[EventDate "2016.11.06"]

1. e4 c6 2. d4 d5 3. Nd2 dxe4 4. Nxe4 Bf5 5. Ng3 Bg6 6. h4 h6 7. Nf3 Nd7 8. h5
Bh7 9. Bd3 Bxd3 10. Qxd3 e6 11. Bd2 Ngf6 12. O-O-O Be7 13. Kb1 Qb6 14. Rhe1 O-O
15. Ne5 Rad8 16. Nc4 Qb5 17. Qb3 Nxh5 18. Nxh5 Qxh5 19. Qxb7 Qb5 20. Na5 Qxb7
21. Nxb7 Rb8 22. Na5 Rfc8 23. c3 g5 24. Kc2 Rb5 25. Nc4 Nb6 26. Ne5 c5 27. dxc5
Rbxc5 28. Nd3 R5c7 29. Re4 Nd5 30. f3 Kg7 31. Be1 Rc4 32. Rxc4 Ne3+ 33. Kd2
Nxc4+ 34. Ke2 Bf6 35. b3 Na3 36. c4 Nc2 37. Bf2 Nd4+ 38. Kf1 a5 39. Nf4 Nc6 40.
Nh5+ Kg6 41. Nxf6 Kxf6 42. Rd7 h5 43. Rb7 Rd8 44. Rb6 Nb4 45. Be1 Nxa2 46. Bxa5
Rd1+ 47. Ke2 Rg1 48. Kf2 Rc1 49. Bd2 Rc2 50. Ke1 g4 51. fxg4 hxg4 52. Kd1 Rb2
53. c5 Ke5 54. b4 g3 55. Rb7 Kd5 56. Rb6 f5 57. Rd6+ Ke5 58. Rd8 f4 59. Rf8
Rxd2+ 60. Kxd2 Nxb4 61. Ke2 Nc6 62. Kf1 Ke4 63. Rc8 Kd5 64. Ke2 e5 65. Kf3 Nd4+
66. Kg4 Nc6 67. Rf8 Kxc5 68. Rxf4 exf4 1/2-1/2

[Event "32nd ECC Open 2016"]
[Site "Novi Sad SRB"]
[Date "2016.11.09"]
[Round "4.21"]
[Board "4"]
[White "Filipovic, Slobodan J"]
[Black "Palkovich, Denis"]
[Result "1/2-1/2"]
[BlackTitle "FM"]
[WhiteElo "2263"]
[BlackElo "2118"]
[WhiteTeam "Gambit Bonnevoie"]
[BlackTeam "LugPokerChess"]
[WhiteFideId "939633"]
[BlackFideId "14113260"]
[EventDate "2016.11.06"]

1. c4 Nc6 2. d4 d5 3. Nc3 dxc4 4. d5 Ne5 5. f4 Nd7 6. e4 Nb6 7. a4 a5 8. Be3 e6
9. Bxb6 cxb6 10. Bxc4 Bb4 11. Bb5+ Kf8 12. dxe6 Qxd1+ 13. Rxd1 Bxe6 14. f5 Bb3
15. Rd2 g6 16. Nge2 Rc8 17. Rf1 gxf5 18. Nd4 Bc4 19. Bxc4 Rxc4 20. Nxf5 Bxc3 21.
bxc3 Rxe4+ 22. Kd1 Nf6 23. Ng3 Re6 24. Rdf2 Ke7 25. Nf5+ Kd7 26. Nd4 Nd5 27.
Rxf7+ Re7 28. Kd2 Rc8 29. Nb5 Rc4 30. Rxe7+ Kxe7 31. Rf7+ Kxf7 32. Nd6+ Ke6 33.
Nxc4 Kd7 34. g4 Nf6 35. h3 Ne4+ 36. Kc2 Kc6 37. h4 Kc5 38. Nd2 Kd5 39. Nb3 Ke5
40. Kd3 Nd6 41. Nd4 Kf4 42. g5 Kg4 43. Ne6 Kxh4 44. Nf8 Kxg5 45. Nxh7+ Kf5 46.
Nf8 b5 47. axb5 Nxb5 48. Nd7 Nd6 49. c4 Ke6 50. Nb6 Nf7 51. c5 Ne5+ 52. Kd4 Nc6+
53. Kc4 Ke5 54. Nc8 a4 55. Nd6 1/2-1/2

[Event "32nd ECC Open 2016"]
[Site "Novi Sad SRB"]
[Date "2016.11.09"]
[Round "4.21"]
[Board "5"]
[White "Maratkanov, Evgeny"]
[Black "Bednarich, Jan"]
[Result "0-1"]
[BlackTitle "FM"]
[WhiteElo "2141"]
[BlackElo "2246"]
[WhiteTeam "LugPokerChess"]
[BlackTeam "Gambit Bonnevoie"]
[WhiteFideId "14106205"]
[BlackFideId "806730"]
[EventDate "2016.11.06"]

1. Nf3 d5 2. g3 Nc6 3. d4 Bf5 4. Bg2 Nb4 5. Na3 e6 6. O-O Be7 7. c4 h6 8. cxd5
exd5 9. Bd2 c6 10. Bxb4 Bxb4 11. Nb1 Be7 12. Nc3 Nf6 13. Ne5 O-O 14. Nd3 Qb6 15.
e3 Rab8 16. b3 Qa5 17. Na4 Ne4 18. Qe2 Bh7 19. a3 Qb5 20. Qd1 Nxg3 21. Ndc5 Nxf1
22. Bxf1 Qa5 23. Nd7 Bd6 24. Nxf8 Rxf8 25. Bd3 Qc7 26. Bxh7+ Kxh7 27. f4 Qe7 28.
Qd3+ Kg8 29. b4 Re8 30. Nc5 b6 31. Na6 Qxe3+ 32. Qxe3 Rxe3 33. Rc1 Rxa3 34. Rxc6
Bxf4 35. Nc7 Bxc7 36. Rxc7 Rd3 0-1

[Event "32nd ECC Open 2016"]
[Site "Novi Sad SRB"]
[Date "2016.11.09"]
[Round "4.21"]
[Board "6"]
[White "Upton, Timothy J"]
[Black "Shvyriaev, Artem"]
[Result "0-1"]
[WhiteTitle "FM"]
[WhiteElo "2142"]
[BlackElo "2116"]
[WhiteTeam "Gambit Bonnevoie"]
[BlackTeam "LugPokerChess"]
[WhiteFideId "2400260"]
[BlackFideId "14118181"]
[EventDate "2016.11.06"]

1. e4 e5 2. Nf3 Nc6 3. c3 d5 4. Qa4 Qd6 5. Bb5 Bd7 6. exd5 Qxd5 7. O-O f6 8. Re1
O-O-O 9. d4 a6 10. Bc4 Qd6 11. d5 Nd4 12. Qd1 Nxf3+ 13. Qxf3 g5 14. b4 Ne7 15.
Be3 f5 16. Bxg5 Rg8 17. Be3 Bg7 18. Bc5 Qf6 19. Nd2 Ng6 20. g3 e4 21. Qd1 Ne5
22. d6 cxd6 23. Bb6 d5 24. Bxd5 Qxb6 25. Bxg8 Rxg8 26. c4 Qxb4 27. Rb1 Qxd2 0-1

[Event "32nd ECC Open 2016"]
[Site "Novi Sad SRB"]
[Date "2016.11.09"]
[Round "4.22"]
[Board "1"]
[White "Bogosavljevic, Boban"]
[Black "Hansen, Torbjorn Ringdal"]
[Result "1/2-1/2"]
[WhiteTitle "GM"]
[BlackTitle "GM"]
[WhiteElo "2520"]
[BlackElo "2448"]
[WhiteTeam "Jelica PEP - Goracici"]
[BlackTeam "Sjakklubben AV 1911"]
[WhiteFideId "931152"]
[BlackFideId "1501720"]
[EventDate "2016.11.06"]

1. Nf3 Nf6 2. g3 g6 3. Bg2 Bg7 4. O-O O-O 5. d4 d6 6. c4 c5 7. dxc5 dxc5 8. Nc3
Nc6 9. Be3 Ng4 10. Qxd8 Rxd8 11. Bxc5 Be6 12. h3 Nf6 13. Rfd1 Bxc4 14. Nd4 Nxd4
15. Rxd4 Rxd4 16. Bxd4 Ne8 17. Bxg7 Kxg7 18. Bxb7 Rb8 19. Bc6 Nd6 20. Rb1 Be6
21. Bg2 Nc4 22. b3 Na3 23. Rd1 Rc8 24. Rd3 Nc2 25. Na4 Nb4 26. Rd2 Rc1+ 27. Kh2
Ra1 28. Nc3 Rc1 29. Nb5 Ra1 30. a3 a6 31. axb4 axb5 32. Bc6 Rb1 33. Bxb5 Rxb3
34. Rd4 Bf5 35. f4 h5 36. Kg2 Kf6 37. Bc6 e5 38. fxe5+ Kxe5 39. Rd5+ Ke6 40. Rb5
Kd6 41. Bf3 Be6 42. Rb6+ Ke5 43. Rb8 Bc4 44. Kf2 Kd4 45. h4 Rb2 46. Rb7 Rb3 47.
Rb8 Rb2 48. Rd8+ Ke5 49. Re8+ Kd4 50. Re4+ Kc3 51. Ke3 Rxb4 52. Re7 Rb6 53. Be4
Rd6 54. Rc7 Kb4 55. Bd3 Be6 56. Ke4 Bf5+ 57. Ke5 Re6+ 58. Kf4 Bxd3 59. exd3 Rf6+
60. Ke4 Re6+ 61. Kd4 Rd6+ 62. Ke3 Re6+ 63. Kd2 Rf6 64. Rc4+ Kb5 65. Rf4 Rxf4 66.
gxf4 Kc5 67. Kc3 Kd5 68. d4 f6 69. Kd3 Ke6 70. Kc4 g5 71. d5+ Kd7 72. hxg5 fxg5
73. fxg5 h4 74. g6 h3 75. g7 h2 76. g8=Q h1=Q 77. Qe6+ Kd8 78. Qd6+ Kc8 79. Qc6+
Kd8 80. Qa8+ Kd7 81. Qa7+ Kd8 82. Qb6+ Kd7 83. Qb5+ Kd8 84. Qb8+ Kd7 85. Qb7+ 1/2-1/2

[Event "32nd ECC Open 2016"]
[Site "Novi Sad SRB"]
[Date "2016.11.09"]
[Round "4.22"]
[Board "2"]
[White "Elsness, Frode"]
[Black "Roganovic, Milos"]
[Result "1/2-1/2"]
[WhiteTitle "IM"]
[BlackTitle "IM"]
[WhiteElo "2442"]
[BlackElo "2478"]
[WhiteTeam "Sjakklubben AV 1911"]
[BlackTeam "Jelica PEP - Goracici"]
[WhiteFideId "1501100"]
[BlackFideId "937614"]
[EventDate "2016.11.06"]

1. d4 Nf6 2. c4 g6 3. Nc3 d5 4. Nf3 Bg7 5. Qb3 dxc4 6. Qxc4 Be6 7. Qb5+ Bd7 8.
Qb3 c5 9. d5 b5 10. Nxb5 Qa5+ 11. Nc3 Nxd5 12. Qxd5 Bxc3+ 13. Bd2 Bxd2+ 14. Qxd2
Nc6 15. Qxa5 Nxa5 16. e3 Rb8 17. b3 Bc6 18. Ng5 Bd5 19. e4 h6 20. exd5 hxg5 21.
Rc1 Nb7 22. Bb5+ Kd8 23. Bc6 Kc7 24. Bxb7 Rxb7 25. Rxc5+ Kd6 26. Ra5 Rh4 27. Ke2
Rc7 28. Kd3 Rf4 29. f3 Rf5 30. Kd4 Rf4+ 31. Ke3 Rc3+ 32. Kd2 Rc7 1/2-1/2

[Event "32nd ECC Open 2016"]
[Site "Novi Sad SRB"]
[Date "2016.11.09"]
[Round "4.22"]
[Board "3"]
[White "Djordjevic, Vuk"]
[Black "Risting, Eivind Olav"]
[Result "1/2-1/2"]
[BlackTitle "FM"]
[WhiteElo "2432"]
[BlackElo "2175"]
[WhiteTeam "Jelica PEP - Goracici"]
[BlackTeam "Sjakklubben AV 1911"]
[WhiteFideId "902098"]
[BlackFideId "1517333"]
[EventDate "2016.11.06"]

1. d4 Nf6 2. Bg5 d5 3. Bxf6 exf6 4. e3 Bd6 5. c4 dxc4 6. Bxc4 O-O 7. Nf3 Nd7 8.
Qc2 c6 9. Bd3 g6 10. h4 f5 11. h5 Nf6 12. hxg6 hxg6 13. Nc3 Be6 14. Qd2 Re8 15.
O-O-O b5 16. e4 Nxe4 17. Bxe4 fxe4 18. Nxe4 Bf8 19. Qf4 Bg7 20. Nfg5 Bxa2 21.
Rd3 Bc4 22. Nd6 Qf6 23. Qxf6 Bxf6 24. Nh7 Bg5+ 25. Nxg5 Bxd3 26. Ndxf7 Bc4 27.
Ne5 Rad8 28. Nxc6 Rd6 29. Ne5 Rxd4 30. Nxg6 Kg7 31. Nf3 Rde4 32. Ngh4 Re2 33.
Nf5+ Kg6 34. g4 Rxf2 35. Rh6+ Kf7 36. Ng5+ Kg8 37. Rg6+ Kh8 38. Rh6+ Kg8 39.
Rg6+ Kh8 1/2-1/2

[Event "32nd ECC Open 2016"]
[Site "Novi Sad SRB"]
[Date "2016.11.09"]
[Round "4.22"]
[Board "4"]
[White "Ranaldi, Lucas"]
[Black "Radovanovic, Mihajlo"]
[Result "1/2-1/2"]
[BlackTitle "IM"]
[WhiteElo "2292"]
[BlackElo "2370"]
[WhiteTeam "Sjakklubben AV 1911"]
[BlackTeam "Jelica PEP - Goracici"]
[WhiteFideId "1519484"]
[BlackFideId "940313"]
[EventDate "2016.11.06"]

1. d4 d6 2. Nf3 g6 3. e4 Bg7 4. Nc3 Nf6 5. h3 O-O 6. Be3 c6 7. a4 Nbd7 8. Be2 e5
9. dxe5 dxe5 10. Nd2 Qe7 11. Nc4 Ne8 12. Qd2 Nc7 13. Qd6 Qd8 14. Rd1 h5 15. Na5
Ne6 16. Nxb7 Qf6 17. Na5 Nd4 18. Qxf6 Bxf6 19. Bd3 Nb6 20. O-O Be6 21. b3 c5 22.
Bxd4 exd4 23. Nb5 c4 24. Nxc4 Bxc4 25. Bxc4 Nxc4 26. bxc4 Rfc8 27. Rfe1 Be5 28.
Nxd4 Rxc4 29. Nf3 Bc7 30. Re2 Rxa4 31. g3 a5 32. Rd7 Rc4 33. e5 Re8 34. Ng5 a4
35. Nxf7 Kf8 36. Nh8 Re6 37. Re3 Ke8 38. Rg7 Rcc6 39. Rf3 Bxe5 40. Rg8+ Ke7 41.
Rf7+ Kd6 42. Ra7 Bxh8 43. Rxh8 Rc4 44. Rha8 Ke5 45. Rxa4 Rxc2 46. R8a5+ Kf6 47.
Rf4+ Kg7 48. Ra7+ Kg8 49. Ra8+ Kg7 50. Ra7+ Kg8 51. Rb4 Rc8 52. Rbb7 Rd8 53. Kg2
Rc8 54. Rg7+ Kh8 55. Rh7+ Kg8 56. Rhg7+ Kh8 57. Rgf7 Kg8 58. Rfd7 Rf6 59. g4
hxg4 60. hxg4 Rc2 61. Rd8+ Rf8 62. Rxf8+ Kxf8 63. Kg3 Rc5 64. Kh4 Rb5 65. f4 g5+
66. fxg5 Kg8 67. Kh5 Rb6 68. g6 Rb1 69. Kg5 Rc1 70. Rf7 Ra1 71. Re7 Rb1 72. Re5
Kg7 73. Ra5 Rc1 74. Ra7+ Kg8 75. g7 Rc5+ 76. Kh6 Rc6+ 77. Kh5 Rh6+ 78. Kg5 Rb6
79. Kf5 Rb5+ 80. Kf4 Rb6 81. g5 Rb4+ 82. Kf5 Rb5+ 83. Kg6 Rb6+ 84. Kh5 Rc6 85.
g6 Rc5+ 86. Kh6 Rh5+ 87. Kxh5 1/2-1/2

[Event "32nd ECC Open 2016"]
[Site "Novi Sad SRB"]
[Date "2016.11.09"]
[Round "4.22"]
[Board "5"]
[White "Radovic, Janko"]
[Black "Kjolberg, Jens Hjorth"]
[Result "1-0"]
[WhiteElo "2285"]
[BlackElo "2145"]
[WhiteTeam "Jelica PEP - Goracici"]
[BlackTeam "Sjakklubben AV 1911"]
[WhiteFideId "911518"]
[BlackFideId "1508172"]
[EventDate "2016.11.06"]

1. e4 e5 2. Nf3 Nc6 3. d4 exd4 4. Nxd4 Nf6 5. Nxc6 bxc6 6. e5 Qe7 7. Qe2 Nd5 8.
c4 Ba6 9. h4 O-O-O 10. b3 f6 11. Qb2 Nb6 12. Bf4 Re8 13. Be2 fxe5 14. Be3 1-0

[Event "32nd ECC Open 2016"]
[Site "Novi Sad SRB"]
[Date "2016.11.09"]
[Round "4.22"]
[Board "6"]
[White "Berntsen-Oybo, August"]
[Black "Radovic, Luka"]
[Result "0-1"]
[WhiteElo "1974"]
[BlackElo "2260"]
[WhiteTeam "Sjakklubben AV 1911"]
[BlackTeam "Jelica PEP - Goracici"]
[WhiteFideId "1520555"]
[BlackFideId "911569"]
[EventDate "2016.11.06"]

1. d4 g6 2. e4 Bg7 3. Be3 c5 4. c3 Nf6 5. Nd2 cxd4 6. cxd4 O-O 7. Bd3 d5 8. e5
Ng4 9. Ngf3 Nxe3 10. fxe3 Nc6 11. a3 f6 12. exf6 exf6 13. O-O f5 14. Re1 Re8 15.
Bb5 Bd7 16. Nb3 a6 17. Bxc6 Bxc6 18. Nc5 a5 19. a4 Qb6 20. b3 Re7 21. Nd3 Rc8
22. Rc1 Rec7 23. Nc5 Be8 24. Qd2 Bf8 25. Red1 Bxc5 26. dxc5 Qxb3 27. Qxd5+ Qxd5
28. Rxd5 Bxa4 29. Nd4 Bc6 30. Nxc6 Rxc6 31. Kf2 b6 32. Rb1 bxc5 33. Ra1 Ra8 34.
Ke2 Kf7 35. Rc1 a4 0-1

[Event "32nd ECC Open 2016"]
[Site "Novi Sad SRB"]
[Date "2016.11.09"]
[Round "4.23"]
[Board "1"]
[White "Sreeves, Clement"]
[Black "Blomqvist, Erik"]
[Result "1-0"]
[WhiteTitle "FM"]
[BlackTitle "GM"]
[WhiteElo "2356"]
[BlackElo "2552"]
[WhiteTeam "Edinburgh Chess Club"]
[BlackTeam "SK Rockaden"]
[WhiteFideId "2402564"]
[BlackFideId "1709437"]
[EventDate "2016.11.06"]

1. e4 c5 2. Nf3 Nc6 3. d4 cxd4 4. Nxd4 Qb6 5. Nb3 Nf6 6. Nc3 e6 7. Bd3 Be7 8.
O-O O-O 9. Kh1 d6 10. f4 Qc7 11. Bd2 b6 12. Qe2 Bb7 13. Rae1 Rac8 14. Nb5 Qb8
15. e5 dxe5 16. fxe5 Nd7 17. Bc3 g6 18. Nd2 Nc5 19. Nd6 Bxd6 20. exd6 Qxd6 21.
b4 Na4 22. Bf6 Nxb4 23. Nc4 Qc5 24. Qg4 Nxd3 25. cxd3 b5 26. Ne5 Nb6 27. Qh4 Nd5
28. Nd7 Qc2 29. Rf2 Qc1 30. Rf3 Rfe8 31. Bd4 e5 32. Rxc1 Rxc1+ 33. Bg1 1-0

[Event "32nd ECC Open 2016"]
[Site "Novi Sad SRB"]
[Date "2016.11.09"]
[Round "4.23"]
[Board "2"]
[White "Barkhagen, Jonas"]
[Black "Berry, Neil"]
[Result "1-0"]
[WhiteTitle "IM"]
[BlackTitle "FM"]
[WhiteElo "2437"]
[BlackElo "2299"]
[WhiteTeam "SK Rockaden"]
[BlackTeam "Edinburgh Chess Club"]
[WhiteFideId "1700855"]
[BlackFideId "2400650"]
[EventDate "2016.11.06"]

1. c4 e5 2. Nc3 Nf6 3. Nf3 Nc6 4. g3 Nd4 5. Bg2 Nxf3+ 6. Bxf3 Bb4 7. Qb3 Bc5 8.
d3 c6 9. O-O O-O 10. Rb1 Re8 11. Qc2 d6 12. Bg5 h6 13. Bxf6 Qxf6 14. b4 Bb6 15.
Ne4 Qe7 16. c5 dxc5 17. bxc5 Bc7 18. Qc3 a5 19. a4 Rd8 20. e3 Ra7 21. Rfd1 Bf5
22. Rb2 Rd7 23. Rdb1 Qd8 24. Be2 Bb8 25. Rb6 Kh7 26. Qc2 Qe7 27. R6b3 Rd5 28.
Bf3 Rd7 29. Nd2 Bg6 30. Be4 f5 31. Bg2 Bf7 32. R3b2 Qd8 33. Bh3 Be6 34. e4 g6
35. Nf3 Qe7 36. exf5 gxf5 37. Qe2 Qxc5 38. d4 Qe7 39. Nxe5 Bxe5 40. Qxe5 Rd5 41.
Bxf5+ 1-0

[Event "32nd ECC Open 2016"]
[Site "Novi Sad SRB"]
[Date "2016.11.09"]
[Round "4.23"]
[Board "3"]
[White "Mcgowan, Daniel"]
[Black "Bator, Robert"]
[Result "1-0"]
[BlackTitle "IM"]
[WhiteElo "2156"]
[BlackElo "2428"]
[WhiteTeam "Edinburgh Chess Club"]
[BlackTeam "SK Rockaden"]
[WhiteFideId "2401479"]
[BlackFideId "1700405"]
[EventDate "2016.11.06"]

1. e4 c5 2. Nf3 Nc6 3. Bb5 g6 4. O-O Bg7 5. Re1 Nf6 6. c3 O-O 7. h3 d5 8. e5 Ne8
9. d4 Qb6 10. Bxc6 bxc6 11. dxc5 Qxc5 12. Be3 Qa5 13. Nbd2 Qd8 14. Qa4 Bd7 15.
Qh4 f6 16. Bc5 a5 17. Nb3 g5 18. Qg3 h6 19. e6 Bc8 20. Nbd4 Qc7 21. Nf5 Kh7 22.
Bxe7 Rg8 23. N3d4 Qb6 24. Nxg7 Rxg7 25. Nf5 Rg6 26. b4 Qb5 27. Bc5 Qc4 28. Ne7
Rg7 29. Nxc6 axb4 30. cxb4 Rxa2 31. Rxa2 Qxa2 32. Qd3+ Kh8 33. Nd8 Rg8 34. Qd1
Kh7 35. Nc6 Ng7 36. Ne7 Re8 37. Qd3+ f5 38. Nxf5 Qc4 39. Qb1 Kh8 40. Nd6 1-0

[Event "32nd ECC Open 2016"]
[Site "Novi Sad SRB"]
[Date "2016.11.09"]
[Round "4.23"]
[Board "4"]
[White "Hedman, Erik"]
[Black "Kafka, Graeme"]
[Result "1-0"]
[WhiteTitle "FM"]
[WhiteElo "2354"]
[BlackElo "2061"]
[WhiteTeam "SK Rockaden"]
[BlackTeam "Edinburgh Chess Club"]
[WhiteFideId "1702351"]
[BlackFideId "2401487"]
[EventDate "2016.11.06"]

1. d4 d5 2. c4 c6 3. Nf3 Nf6 4. Nc3 dxc4 5. a4 Bf5 6. Ne5 Nbd7 7. Nxc4 Nb6 8.
Ne5 a5 9. h4 Ng4 10. e4 Nxe5 11. exf5 Ned7 12. h5 e5 13. fxe6 fxe6 14. g3 Bb4
15. Bh3 e5 16. h6 g6 17. O-O O-O 18. Be3 Qe7 19. Qb3+ Kh8 20. Rae1 e4 21. d5 c5
22. Bf4 Rxf4 23. gxf4 Qh4 24. Re3 Nf6 25. Nxe4 Nh5 26. d6 c4 27. Qd1 Bc5 28.
Nxc5 1-0

[Event "32nd ECC Open 2016"]
[Site "Novi Sad SRB"]
[Date "2016.11.09"]
[Round "4.23"]
[Board "5"]
[White "White, Alastair F"]
[Black "Engqvist, Thomas"]
[Result "1/2-1/2"]
[BlackTitle "IM"]
[WhiteElo "2078"]
[BlackElo "2350"]
[WhiteTeam "Edinburgh Chess Club"]
[BlackTeam "SK Rockaden"]
[WhiteFideId "2402041"]
[BlackFideId "1700332"]
[EventDate "2016.11.06"]

1. e4 c6 2. d3 d5 3. Nd2 e5 4. Ngf3 Bd6 5. d4 exd4 6. Nxd4 Ne7 7. exd5 cxd5 8.
N2f3 O-O 9. Bd3 Nd7 10. O-O Nf6 11. Re1 Ng6 12. Bg5 a6 13. c3 h6 14. Bxg6 fxg6
15. Bh4 Qb6 16. Qb3 Qxb3 17. axb3 Ne4 18. Ra5 Bc5 19. b4 b6 20. Raa1 Bd6 21. b5
Bb7 22. bxa6 Bxa6 23. Rad1 Bb7 24. Nd2 Nxd2 25. Rxd2 Rfe8 26. Rxe8+ Rxe8 27. Re2
Ra8 28. f3 Kf7 29. g4 Ra1+ 30. Kg2 Ba6 31. Rf2 Bf4 32. Bg3 g5 33. Bxf4 gxf4 34.
h4 Kf6 35. h5 Rd1 36. Ne2 Ke5 37. Nd4 Bd3 38. Nc6+ Kd6 39. Nd4 Ke5 40. Nc6+ Kf6
41. Nd4 Bc4 42. Ne2 Ke5 43. Nd4 b5 44. Nf5 Kf6 45. Nd6 Bd3 46. Ne8+ Kf7 47. Nd6+
Ke7 48. Nb7 Bc4 49. Na5 Bd3 50. Nb3 Rb1 51. Rd2 Bc4 52. Nd4 Kf6 53. Kf2 Ke5 54.
Nf5 Kf6 55. Nd4 Rf1+ 56. Kg2 Rb1 57. Kf2 Ke5 1/2-1/2

[Event "32nd ECC Open 2016"]
[Site "Novi Sad SRB"]
[Date "2016.11.09"]
[Round "4.23"]
[Board "6"]
[White "Kenneskog, Theodor"]
[Black "Antunes, Andre"]
[Result "1-0"]
[WhiteTitle "FM"]
[WhiteElo "2332"]
[BlackElo "1987"]
[WhiteTeam "SK Rockaden"]
[BlackTeam "Edinburgh Chess Club"]
[WhiteFideId "1715011"]
[BlackFideId "1903292"]
[EventDate "2016.11.06"]

1. d4 Nf6 2. c4 e6 3. Nf3 d5 4. Nc3 Nbd7 5. cxd5 Nxd5 6. e4 Nxc3 7. bxc3 c5 8.
Bd3 cxd4 9. cxd4 Bb4+ 10. Bd2 Bxd2+ 11. Qxd2 b6 12. h4 Bb7 13. h5 h6 14. Kf1 Qe7
15. Rc1 Rc8 16. Rxc8+ Bxc8 17. Rh3 e5 18. Rg3 exd4 19. Nxd4 Nc5 20. Bb5+ Bd7 21.
Qf4 Bxb5+ 22. Nxb5 O-O 23. Nd6 Ne6 24. Qxh6 f6 25. Nf5 Qd7 26. Kg1 Rc8 27. Kh2
Qc7 28. e5 Ng5 29. Qg6 Rf8 30. exf6 Ne6 31. Ne7+ Kh8 1-0

[Event "32nd ECC Open 2016"]
[Site "Novi Sad SRB"]
[Date "2016.11.09"]
[Round "4.24"]
[Board "1"]
[White "Noe, Christopher"]
[Black "Percin, Onder"]
[Result "1-0"]
[WhiteTitle "IM"]
[WhiteElo "2422"]
[BlackElo "1972"]
[WhiteTeam "De Sprenger Echternach"]
[BlackTeam "Hatay Metropolitan"]
[WhiteFideId "24692018"]
[BlackFideId "6345190"]
[EventDate "2016.11.06"]

1. d4 Nf6 2. c4 e6 3. Nf3 b6 4. Nc3 Bb4 5. Qb3 c5 6. a3 Bxc3+ 7. Qxc3 Ne4 8. Qc2
d5 9. dxc5 bxc5 10. cxd5 exd5 11. Nd2 Nxd2 12. Bxd2 Nd7 13. g3 O-O 14. Bg2 Bb7
15. O-O Qe7 16. e3 Rfd8 17. Ba5 Nb6 18. Rac1 Rac8 19. Rfd1 Qe6 20. Qb3 h6 21.
Qb5 c4 22. Bc3 Qc6 23. Qa5 Qa4 24. Rd4 Bc6 25. Rcd1 Rd6 26. e4 Re8 27. exd5 Bb5
28. Qb4 Rdd8 29. d6 Re2 30. Qc5 Rc8 31. Qh5 Rce8 32. Bf3 R2e5 33. Qh4 Bd7 34.
R4d2 Re1+ 35. Rxe1 Rxe1+ 36. Kg2 Re6 37. Qd4 Rf6 38. Qc5 Rf5 39. Qc7 Qb5 40. Be4
h5 41. Qd8+ Kh7 42. Qg5 g6 43. Qd8 Re5 44. Qf6 1-0